| Tag |
First Indicator |
Second Indicator |
Subfields |
| LEADER |
00000cam a2200000 a 4500 |
| 001 |
in00002422321 |
| 005 |
20151110072344.0 |
| 008 |
080408s2008 miu b 001 0 eng |
| 010 |
|
|
|a 2008016066
|
| 020 |
|
|
|a 9780802860019 (pbk. : alk. paper)
|
| 020 |
|
|
|a 080286001X (pbk. : alk. paper)
|
| 035 |
|
|
|a (OCoLC)ocn221160491
|
| 035 |
|
|
|a (OCoLC)221160491
|
| 040 |
|
|
|a DLC
|c DLC
|d BTCTA
|d BAKER
|d YDXCP
|d C#P
|d BWX
|d CDX
|d IXA
|d UtOrBLW
|
| 049 |
|
|
|a TXAM
|
| 050 |
0 |
0 |
|a B4870.Z594
|b P68 2008
|
| 082 |
0 |
0 |
|a 199/.4973
|2 22
|
| 100 |
1 |
|
|a Pound, Marcus.
|
| 245 |
1 |
0 |
|a Žižek :
|b a (very) critical introduction /
|c Marcus Pound.
|
| 264 |
|
1 |
|a Grand Rapids, Mich. :
|b William B. Eerdmans Pub. Co.,
|c [2008]
|
| 264 |
|
4 |
|c ©2008
|
| 300 |
|
|
|a xv, 168 pages ;
|c 23 cm.
|
| 336 |
|
|
|a text
|b txt
|2 rdacontent
|
| 337 |
|
|
|a unmediated
|b n
|2 rdamedia
|
| 338 |
|
|
|a volume
|b nc
|2 rdacarrier
|
| 490 |
1 |
|
|a Interventions
|
| 504 |
|
|
|a Includes bibliographical references (pages 157-165) and index.
|
| 505 |
0 |
|
|a Introduction -- God, dereliction, and violence -- Belief before belief -- Why the political act must necessarily adopt the form of the religious act -- Sexual difference and non-all (pas-tout) -- Enjoy your religion -- Afterword: The counterbook of Christianity / by Slavoj Žižek.
|
| 600 |
1 |
0 |
|a Žižek, Slavoj.
|
| 830 |
|
0 |
|a Interventions (Grand Rapids, Mich.)
|
| 938 |
|
|
|a Baker and Taylor
|b BTCP
|n BK0007727432
|
| 938 |
|
|
|a Baker & Taylor
|b BKTY
|c 19.00
|d 14.25
|i 080286001X
|n 0007727432
|s active
|
| 938 |
|
|
|a YBP Library Services
|b YANK
|n 2828514
|
| 938 |
|
|
|a Blackwell Book Service
|b BBUS
|n R1733638
|c $19.00
|
| 938 |
|
|
|a Coutts Information Services
|b COUT
|n 8268937
|c 10.99 GBP
|
| 945 |
|
|
|a PromptCat
|b 637169
|
| 946 |
|
|
|a stk
|
| 947 |
|
|
|a A14837391057
|
| 994 |
|
|
|a 92
|b TXA
|
| 948 |
|
|
|a cataloged
|b h
|d 2009/3/5
|h c
|e asalazar
|f 10:32:40 am
|
| 999 |
|
|
|a MARS
|
| 999 |
f |
f |
|s 0f89bc4c-e317-3c28-a373-d3112484903d
|i c51a18fd-8448-305a-88e6-e40f8a264a30
|t 0
|
| 952 |
f |
f |
|p normal
|a Texas A&M University
|b College Station
|c Sterling C. Evans Library
|s Evans stk
|d Evans: Library Stacks
|t 0
|e B4870.Z594 P68 2008
|h Library of Congress classification
|i unmediated -- volume
|m A14837391057
|
| 998 |
f |
f |
|a B4870.Z594 P68 2008
|t 0
|l Evans: Library Stacks
|